000 00503naa a22001217u 4500
008 130517b2006 xxu||||| |||| 00| 0 por d
040 _aPOR
100 1 _aMoraes Salla, Danielle de
_913208
245 0 0 _aAçöes afirmativas: cotas universitárias, um afronte ao princípio da igualdade?
300 _a207-230
_c21 cm.
773 0 _tDireito & Educaçäo:A questäo da Educaçäo com enfoque jurídico
_aORCZEVSKI, Clovis
_dPorto Alegre,CIP-Brasil,2006,
_gpágs. 207-230
_z85-905853-1-X,
_w76621
942 _cAC
999 _c228685
_d228685